[Event "Kemer Turkey Cup"]
[Site "Kemer"]
[Date "2014.02.06"]
[Round "7"]
[White "Saygili, Muhammet Sedat"]
[Black "Isin, Recep"]
[Result "1-0"]
[WhiteElo "1926"]
[BlackElo "1687"]
[PlyCount "147"]
[EventDate "2014.02.01"]
[EventType "swiss"]
[EventRounds "9"]
[EventCountry "TUR"]
[SourceTitle "CBM 158 Extra"]
[Source "ChessBase"]
[SourceDate "2014.02.28"]
[SourceVersion "1"]
[SourceVersionDate "2014.02.28"]
[SourceQuality "1"]

1. e4 e5 2. Nf3 Nf6 3. Nxe5 Nxe4 4. d4 d5 5. Bd3 Bd6 6. Nf3 Bg4 7. 0-0 0-0 8. Re1 Re8 9. c3 c6 10. a4 Nd7 11. Na3 Qf6 12. Be3 Nf8 13. Be2 Ng6 14. h3 Bxf3 15. Bxf3 Nh4 16. Nc2 Re6 17. Bg4 Qg6 18. g3 Bxg3 19. fxg3 Nxg3 20. Bf2 Rxe1+ 21. Nxe1 Ngf5 22. Kh1 Re8 23. Nf3 Nxf3 24. Qxf3 Nd6 25. Re1 Rxe1+ 26. Bxe1 Qb1 27. Qe2 Ne4 28. Kg2 g6 29. Bc8 Qc1 30. Bxb7 Qg5+ 31. Kh1 Qf5 32. Qg2 Ng5 33. h4 Nf3 34. Bf2 Qb1+ 35. Bg1 Nxh4 36. Qe2 Nf5 37. Kh2 Qc1 38. Bf2 Qf4+ 39. Kg2 Qg5+ 40. Kf1 Qc1+ 41. Qe1 Qxb2 42. Bxc6 Qa2 43. Bb5 Qc2 44. Qe8+ Kg7 45. Qe5+ Kg8 46. Qe8+ Kg7 47. Qe1 h5 48. Bc6 Qd3+ 49. Kg1 Qf3 50. Qe5+ f6 51. Qxd5 Qg4+ 52. Qg2 Qd1+ 53. Kh2 h4 54. Be4 Ne7 55. Qf3 Qxa4 56. Bxh4 Qa2+ 57. Qf2 Qe6 58. Bd3 g5 59. Bg3 f5 60. Be5+ Kf7 61. c4 Qh6+ 62. Kg2 Ke6 63. Qa2 Nc6 64. c5+ Ke7 65. Bd6+ Kf6 66. d5 Nd4 67. Bg3 Qh5 68. Qa6+ Kf7 69. Qxa7+ Kg6 70. Qb6+ Kf7 71. Qc7+ Kg6 72. Qd6+ Kf7 73. Qd7+ Kf6 74. Be5+ 1-0